Noise in physical systems and 1/f fluctuations : ICNF 2001 : proceedings of the 16th International Conference : Gainesville, Florida, USA, 22-25 October, 2001 /

Bibliographic Details
Corporate Authors: International Conference on Noise in Physical Systems and 1/f Fluctuations Gainesville, Fla., Bosman, Gijs
Format: Conference Proceeding Book
Language:English
Published: Singapore : World Scientific, [2001]
Subjects:

MARC

Tag First Indicator Second Indicator Subfields
LEADER 00000cam a2200000Ia 4500
001 in00001663507
005 20151024121808.0
008 020207s2001 si a b 101 0 eng d
020 |a 9810246773 
035 |a (OCoLC)ocm48956932 
040 |a CVU  |c CVU  |d TXA  |d UtOrBLW 
049 |a TXAM 
090 |a TK7867.5  |b .I573 2001 
111 2 |a International Conference on Noise in Physical Systems and 1/f Fluctuations  |n (16th :  |d 2001 :  |c Gainesville, Fla.) 
245 1 0 |a Noise in physical systems and 1/f fluctuations :  |b ICNF 2001 : proceedings of the 16th International Conference : Gainesville, Florida, USA, 22-25 October, 2001 /  |c editor, Gijs Bosman. 
264 1 |a Singapore :  |b World Scientific,  |c [2001] 
264 4 |c ©2001 
300 |a xxvi, 822 pages :  |b illustrations ;  |c 26 cm. 
336 |a text  |b txt  |2 rdacontent 
337 |a unmediated  |b n  |2 rdamedia 
338 |a volume  |b nc  |2 rdacarrier 
504 |a Includes bibliographical references and author index. 
650 0 |a Electronic noise  |v Congresses. 
650 0 |a Fluctuations (Physics)  |v Congresses. 
710 2 |a Bosman, Gijs. 
948 |a cataloged  |b h  |c 2002/3/12  |d c  |e jgreene  |f 12:20:38 pm 
994 |a E0  |b TXA 
999 |a MARS 
999 f f |s 5ad977f5-98d3-3c42-b923-36efbcd463bd  |i a0cceb1c-f9c7-30e3-8af0-a912c0c6d75d  |t 0 
952 f f |p normal  |a Texas A&M University  |b College Station  |c Sterling C. Evans Library  |d Evans: Library Stacks  |t 0  |e TK7867.5 .I573 2001  |h Library of Congress classification  |i unmediated -- volume  |m A14828539795 
998 f f |a TK7867.5 .I573 2001  |t 0  |l Evans: Library Stacks